| 000 | 00721nam a2200253Ia 4500 | ||
|---|---|---|---|
| 003 | 0100 | ||
| 008 | 130303s9999 xx 000 0 und d | ||
| 020 | _a0521599644 | ||
| 040 | _cARRUPELIB | ||
| 050 | _aB2758.W66 1998 | ||
| 100 | _aKant, Immanuel | ||
| 245 | _aReligion within boundaries of mere reasoning and other writings | ||
| 260 | _aCambridge | ||
| 260 | _bCambridge University Press | ||
| 260 | _C1998 | ||
| 300 | _axxxix | ||
| 300 | _b 229 p. 23 cm | ||
| 440 | _aCambridge text in the histpry of philosophy | ||
| 650 | _aPHILOSOPHY | ||
| 650 | _bChristian ethics | ||
| 650 | _cInequality -- Religious aspects -- Christianity | ||
| 700 | _aWood ; Giovanni, George Di (ed., tr.) | ||
| 942 | 0 | 0 | _02 |
| 999 |
_c13011 _d13011 |
||